00481nam a22001457a 450000500170000000800410001702000330005804100130009108200150010410000310011924500870015026000440023730000290028165000250031020231110060441.0231110b |||||||| |||| 00| 0 eng d a978409060287 ; 9780409129304 aEnglish  a346.1 VAN  avan Niekerk, PA lEnglish  aA Practical Guide to Patrimonial Litigation in Divorce Actions / cPA van Niekerk  aDurban : bLexisNexis (Pty) Ltd, c2016 bv, 577 pages ; c26 cm.  aLegal practice bLaw